000
00256nam a22000857a 4500
008
161205b xxu||||| |||| 00| 0 eng d
100
_9
1805
_a
Siddiugi,M.N,etal
245
_a
vol-1 : Main subjects Teaching of science t Elementary
260
_a
NEW DELHI
_b
ARYA
_c
2006
999
_c
4527
_d
4527